|
|
|
แสดงรายละเอียดบรรณานุกรม |
|
|
Brief Record
: Get Marc (ISO 2709)
: E-mail record
: |
select id from stat_globaluid where statuid='20260517142608_4951'mysqli: Table './ulib62015/stat_globaluid' is marked as crashed and should be repaired
DELETE FROM stat_globaluid WHERE id NOT IN ( SELECT id FROM ( SELECT id FROM stat_globaluid ORDER BY id DESC LIMIT 100 ) foo );mysqli: Table './ulib62015/stat_globaluid' is marked as crashed and should be repaired
insert into stat_globaluid set statuid='20260517142608_4951', dt='1779002768', phpself='/ULIB62015/dublinfull.php', agent='Mozilla/5.0 AppleWebKit/537.36 (KHTML, like Gecko; compatible; ClaudeBot/1.0; +claudebot@anthropic.com)', yea='2026', mon='5', dat='17', ip='216.73.216.45'mysqli: Table './ulib62015/stathist_viewbib_bib_type' is marked as crashed and should be repaired
insert into stathist_viewbib_bib_type set dat='17' , mon='05' , yea='2026' , statuid='20260517142608_4951' , head='22489' , foot='marc' , dt='1779002768'
| LEADER : 01174nam 2200277 a 4500 | |||
| 001 22489 | |||
| 003 ULIB | |||
| 008 030417s2004 caua sb 001 0 eng | |||
| 050 ^a335 | |||
| 060 ^aค873จ | |||
| 082 ^aBF | |||
| 100 ^aสตีเฟ่น อาร์ โคเวอรี่ | |||
| 245 ^a7 อุปนิสัยพัฒนาสู่ผู้มีประสิทธิผลสูง | |||
| 913 ^aImported by ULIBM Administrator | |||
| 945 ^p350^l0^i001875 | |||
| 945 ^p0^l0^i001868 | |||
| 945 ^p0^l0^i001873 | |||
| 945 ^p0^l0^i001867 | |||
| 945 ^p0^l0^i001871 | |||
| 945 ^p0^l0^i001874 | |||
| 945 ^p0^l0^i001872 | |||
| 945 ^p0^l0^i001870 | |||
| 945 ^p0^l0^i001869 | |||
| 949 ^aImport form external file by ULIBM system | |||
| คุณยังไม่ได้ล็อกอิน คุณสามารถมีกิจกรรมร่วมกับเว็บไซต์ได้ แต่ต้องล็อกอินก่อน :: |
|
|||||||||
|
||||||||||
| สถานะ | |||||
| 1. | หนังสือ | BF 335 ค873จ 2004 ฉ.1 Barcode: 001867 | บนชั้น ขอยืม | ||
| 2. | หนังสือ | BF 335 ค873จ 2004 ฉ.2 Barcode: 001868 | บนชั้น ขอยืม | ||
| 3. | หนังสือ | BF 335 ค873จ 2004 ฉ.3 Barcode: 001869 | บนชั้น ขอยืม | ||
| 4. | หนังสือ | BF 335 ค873จ 2004 ฉ.4 Barcode: 001870 | บนชั้น ขอยืม | ||
| 5. | หนังสือ | BF 335 ค873จ 2004 ฉ.5 Barcode: 001871 | บนชั้น ขอยืม | ||
| 6. | หนังสือ | BF 335 ค873จ 2004 ฉ.6 Barcode: 001872 | บนชั้น ขอยืม | ||
| 7. | หนังสือ | BF 335 ค873จ 2004 ฉ.7 Barcode: 001873 | บนชั้น ขอยืม | ||
| 8. | หนังสือ | BF 335 ค873จ 2004 ฉ.8 Barcode: 001874 | บนชั้น ขอยืม | ||
| 9. | หนังสือ | BF 335 ค873จ 2004 ฉ.9 Barcode: 001875 | บนชั้น ขอยืม | ||
BibComment |
| คอมเมนท์ทรัพยากรรายการนี้ |
|
|